00565 a2200193 4500003000500000005001700005010001700022020001500039040000900054082001000063100002300073245008600096250001200182260006000194300003900254650002600293700002400319700002800343Nust20170207171607.0 a 2004053274 a0273687131 cNust00a658.31 aTorrington, Derek,10aHuman resource management (E-BOOK)cDerek Torrington, Laura Hall, Stephen Taylor. a6th ed. aHarlow, England ;aNew York :bFT Prentice Hall,c2005. axxi, 810 p. :bcol. ill. ;c27 cm. 0aPersonnel management.1 aHall, Laura,d1952-1 aTaylor, Stephen,d1965-